Mười vạn câu hỏi vì sao - Toán học

Tập hợp một loạt các câu hỏi và lời giải đáp về toán học, con số và tính toán, hình học, xác suất và trò chơi, toán học trong cuộc sống, tri thức mới về toán học

Bewaard in:
Bibliografische gegevens
Hoofdauteur: Hàn, Khởi Đức
Formaat: Boek
Taal:Undetermined
Gepubliceerd in: Hà Nội Giáo Dục Việt Nam 2017
Onderwerpen:
Tags: Voeg label toe
Geen labels, Wees de eerste die dit record labelt!
Thư viện lưu trữ: Trung tâm Học liệu Trường Đại học Cần Thơ
LEADER 00882nam a2200205Ia 4500
001 CTU_230724
008 210402s9999 xx 000 0 und d
020 |c 180000 
082 |a 510 
082 |b Đ552 
100 |a Hàn, Khởi Đức 
245 0 |a Mười vạn câu hỏi vì sao - Toán học 
245 0 |c Hàn Khởi Đức (Chủ biên) ; Nguyễn Như Diệm (Dịch) 
260 |a Hà Nội 
260 |b Giáo Dục Việt Nam 
260 |c 2017 
520 |a Tập hợp một loạt các câu hỏi và lời giải đáp về toán học, con số và tính toán, hình học, xác suất và trò chơi, toán học trong cuộc sống, tri thức mới về toán học 
650 |a Mathematics,Toán học 
910 |a Tuyến 
980 |a Trung tâm Học liệu Trường Đại học Cần Thơ